Бред сивого кобеля: роман

מידע ביבליוגרפי
מחבר ראשי: Вильмонт Е. Н. Екатерина Николаевна
סיכום:Казалось бы — что нужно женщине для счастья? Любящий муж, богатый дом... Но рядовой поход в гости к свекрови перевернул всю ее жизнь. Нежданно-негаданно она встретила там Его. И утонула в его глазах, и забыла обо всем. Хотя... у нее нет права его любить.
שפה:רוסית
יצא לאור: Москва, АСТ, 2005
סדרה:Русский романс
נושאים:
פורמט: MixedMaterials ספר
KOHA link:https://koha.lib.tpu.ru/cgi-bin/koha/opac-detail.pl?biblionumber=82612

MARC

LEADER 00000nam0a2200000 4500
001 82612
005 20231031095800.0
010 |a 5170319878 
010 |a 5-17-031983-5 
035 |a (RuTPU)RU\TPU\book\88775 
090 |a 82612 
100 |a 20051005d2005 m y0rusy50 ca 
101 0 |a rus 
102 |a RU 
105 |a y z 000ay 
200 1 |a Бред сивого кобеля  |e роман  |f Е. Н. Вильмонт 
210 |a Москва  |c АСТ  |d 2005 
215 |a 253 с. 
225 1 |a Русский романс 
330 |a Казалось бы — что нужно женщине для счастья? Любящий муж, богатый дом... Но рядовой поход в гости к свекрови перевернул всю ее жизнь. Нежданно-негаданно она встретила там Его. И утонула в его глазах, и забыла обо всем. Хотя... у нее нет права его любить. 
610 1 |a русская литература 
610 1 |a романы 
610 1 |a любовные романы 
675 |a Р2  |v 3 
700 1 |a Вильмонт  |b Е. Н.  |g Екатерина Николаевна 
801 1 |a RU  |b 63413507  |c 20051005  |g PSBO 
801 2 |a RU  |b 63413507  |c 20221206  |g PSBO 
942 |c BK